[Event "Robecchetto op-C 25th"]
[Site "Robecchetto"]
[Date "2014.12.26"]
[Round "1"]
[White "Cavagna, Marco"]
[Black "Carando, Enrica"]
[Result "1/2-1/2"]
[WhiteElo "1516"]
[BlackElo "1362"]
[PlyCount "95"]
[EventDate "2014.12.26"]
[EventType "swiss"]
[EventRounds "6"]
[EventCountry "ITA"]
[SourceTitle "EXT 2024"]
[Source "ChessBase"]
[SourceDate "2023.10.10"]
[SourceVersion "1"]
[SourceVersionDate "2023.10.10"]
[SourceQuality "1"]

1. d4 Nf6 2. c4 g6 3. Nf3 Bg7 4. e3 0-0 5. Nc3 d5 6. b3 Be6 7. Bd3 Na6 8. a3 c5 9. 0-0 Qb6 10. Rb1 Rad8 11. h3 Nd7 12. Na4 Qc6 13. Bd2 Nb6 14. Nxb6 Qxb6 15. Bc3 Qd6 16. dxc5 Nxc5 17. Bxg7 Kxg7 18. Be2 Ne4 19. Qd4+ Kg8 20. Qb2 dxc4 21. bxc4 b6 22. Nd4 Rc8 23. Nb5 Qd7 24. Rfd1 Qb7 25. Rbc1 Rfd8 26. Nd4 Qd7 27. Nxe6 Qxe6 28. Bf3 Rxd1+ 29. Rxd1 Qxc4 30. Rd4 Qc1+ 31. Qxc1 Rxc1+ 32. Rd1 Rxd1+ 33. Bxd1 Kf8 34. f3 Nc3 35. Bc2 Ke8 36. Kf2 Kd7 37. e4 Kc6 38. Bb3 e6 39. Ke3 Nb5 40. a4 Nc7 41. Kd4 b5 42. axb5+ Nxb5+ 43. Ke5 Kd7 44. Kf6 Ke8 45. g4 Nc3 46. h4 a5 47. Kg7 a4 48. Bc4 1/2-1/2

[Event "Omegna op-B 2nd"]
[Site "Omegna"]
[Date "2014.08.09"]
[Round "2"]
[White "Nordio, Giordano"]
[Black "Cavagna, Marco"]
[Result "0-1"]
[WhiteElo "1413"]
[BlackElo "1497"]
[PlyCount "116"]
[EventDate "2014.08.08"]
[EventType "swiss"]
[EventRounds "5"]
[EventCountry "ITA"]
[SourceTitle "EXT 2015"]
[Source "ChessBase"]
[SourceDate "2014.11.20"]
[SourceVersion "1"]
[SourceVersionDate "2014.11.20"]
[SourceQuality "1"]

1. d4 d5 2. c4 Nf6 3. Nc3 e6 4. e3 Bb4 5. Bd2 0-0 6. a3 Bxc3 7. Bxc3 Nbd7 8. Nf3 c5 9. Bd3 b6 10. a4 a5 11. b3 Bb7 12. Rg1 Ne4 13. Qc2 Ndf6 14. Ne5 dxc4 15. Nxc4 Nxc3 16. Qxc3 Nd5 17. Qd2 f5 18. f4 Qc7 19. Ne5 Nf6 20. Qc2 Qd6 21. Nc4 Qd8 22. h3 cxd4 23. exd4 Qxd4 24. 0-0-0 Rac8 25. Kb1 Nd5 26. Rc1 Ne3 27. Qc3 Qxc3 28. Rxc3 Nd5 29. Rcc1 Nxf4 30. Rgd1 Nxd3 31. Rxd3 Be4 32. Rcd1 Bxd3+ 33. Rxd3 Rb8 34. Ne5 Rbd8 35. Rc3 Rd5 36. Nc6 Rc5 37. Rxc5 bxc5 38. Nxa5 Rd8 39. Kc2 e5 40. Nc6 Re8 41. Kd3 e4+ 42. Ke2 Kf7 43. a5 Ra8 44. Ke3 Ke6 45. a6 Rxa6 46. Nd8+ Ke7 47. Nb7 Rc6 48. Na5 Rc7 49. Nc4 Ke6 50. Kf4 h6 51. Nd2 g5+ 52. Ke3 Kd5 53. g3 Rf7 54. Kf2 Kd4 55. Nf1 Kc3 56. Ne3 Kxb3 57. Nd5 c4 58. Ke3 c3 0-1

[Event "Omegna op-B 2nd"]
[Site "Omegna"]
[Date "2014.08.08"]
[Round "1"]
[White "Cavagna, Marco"]
[Black "Resch, Aaron"]
[Result "0-1"]
[WhiteElo "1497"]
[BlackElo "1741"]
[PlyCount "126"]
[EventDate "2014.08.08"]
[EventType "swiss"]
[EventRounds "5"]
[EventCountry "ITA"]
[SourceTitle "EXT 2015"]
[Source "ChessBase"]
[SourceDate "2014.11.20"]
[SourceVersion "1"]
[SourceVersionDate "2014.11.20"]
[SourceQuality "1"]

1. d4 b6 2. e4 Bb7 3. Bd3 g6 4. Nf3 Bg7 5. Bf4 d6 6. Nc3 e6 7. 0-0 Nd7 8. Re1 Ne7 9. e5 d5 10. Nb5 a6 11. Na3 h6 12. c4 0-0 13. Rc1 c5 14. Nc2 Rc8 15. a3 Kh7 16. b4 Rc7 17. a4 Qc8 18. bxc5 bxc5 19. Na3 Re8 20. Qd2 Bf8 21. a5 cxd4 22. Nxd4 Nc5 23. Bc2 Rd8 24. Qe3 Nc6 25. cxd5 Nxd4 26. Qxd4 Bxd5 27. Qe3 Nb7 28. Bb1 Bc5 29. Qh3 Bf8 30. Rxc7 Qxc7 31. Rc1 Qxa5 32. Nc2 Rc8 33. Qe3 Bc5 34. Qe1 Qa4 35. Be3 Qe4 36. f3 Qxe5 37. Bxc5 Qxe1+ 38. Nxe1 Rxc5 39. Rxc5 Nxc5 40. Nc2 a5 41. Na3 Kg7 42. Kf2 Kf6 43. Ke3 e5 44. Nb5 a4 45. Nc3 Bb3 46. Nb5 Kg5 47. g3 f5 48. Kf2 Ne6 49. h4+ Kf6 50. Bd3 Nd4 51. Na3 g5 52. h5 g4 53. f4 e4 54. Bb1 Ke6 55. Ke3 Kd5 56. Kd2 Ne6 57. Ke3 Kc5 58. Kd2 Kb4 59. Nc2+ Bxc2 60. Bxc2 a3 61. Kc1 Kc3 62. Bb1 Nxf4 63. gxf4 g3 0-1

[Event "Robecchetto op-C 24th"]
[Site "Robecchetto"]
[Date "2013.12.28"]
[Round "3"]
[White "Cavagna, Marco"]
[Black "Gerosa, Ottavio"]
[Result "1-0"]
[WhiteElo "1527"]
[BlackElo "1467"]
[PlyCount "153"]
[EventDate "2013.12.27"]
[EventType "swiss"]
[EventRounds "6"]
[EventCountry "ITA"]
[SourceTitle "EXT 2023"]
[Source "ChessBase"]
[SourceDate "2022.10.05"]
[SourceVersion "1"]
[SourceVersionDate "2022.10.05"]
[SourceQuality "1"]

1. d4 e6 2. c4 Nf6 3. Nc3 Bb4 4. Bd2 b6 5. e3 Bb7 6. f3 d6 7. Bd3 Nbd7 8. Nge2 c5 9. 0-0 0-0 10. a3 Bxc3 11. Bxc3 d5 12. dxc5 Nxc5 13. b4 Nxd3 14. Qxd3 Qe7 15. b5 dxc4 16. Qxc4 Rac8 17. Qb3 Nd5 18. Bd2 Rc7 19. e4 Nf6 20. Bb4 Rc5 21. Bxc5 Qxc5+ 22. Kh1 h5 23. Rac1 Qe7 24. Nd4 Nd7 25. Nc6 Qg5 26. f4 Qh6 27. Qd3 Nc5 28. Qb1 h4 29. h3 a6 30. Ne7+ Kh8 31. bxa6 Bxa6 32. Rf2 Nd3 33. Rf3 Nxc1 34. Qxc1 Qf6 35. Qc7 Re8 36. Nc6 Rc8 37. Qxb6 e5 38. Qxa6 Rxc6 39. Qa8+ Kh7 40. Qb8 Rc1+ 41. Kh2 exf4 42. Qxf4 Qxf4+ 43. Rxf4 g5 44. Rxf7+ Kg6 45. Rb7 Ra1 46. Rb6+ Kf7 47. Rb3 Ke6 48. Rb5 Rxa3 49. Rxg5 Re3 50. Rg4 Kf6 51. Rxh4 Kg5 52. Rg4+ Kh5 53. Rf4 Kg5 54. Rf5+ Kg6 55. Rf4 Kg5 56. g3 Re2+ 57. Kg1 Re3 58. Kf2 Ra3 59. h4+ Kh5 60. e5 Ra6 61. Re4 Re6 62. Kf3 Kg6 63. g4 Re8 64. h5+ Kh6 65. e6 Rf8+ 66. Kg3 Kg5 67. Re5+ Kf6 68. e7 Re8 69. Kf4 Kf7 70. Kf5 Kg7 71. Re6 Kf7 72. g5 Kg7 73. h6+ Kh7 74. Kf6 Kg8 75. g6 Kh8 76. Kf7 Rxe7+ 77. Kxe7 1-0

[Event "Omegna op 1st"]
[Site "Omegna"]
[Date "2013.07.07"]
[Round "6"]
[White "Cavagna, Marco"]
[Black "Chiodini, Pietro"]
[Result "1-0"]
[WhiteElo "1461"]
[BlackElo "1784"]
[PlyCount "93"]
[EventDate "2013.07.04"]
[EventType "swiss"]
[EventRounds "6"]
[EventCountry "ITA"]
[SourceTitle "EXT 2014"]
[Source "ChessBase"]
[SourceDate "2013.11.20"]
[SourceVersion "1"]
[SourceVersionDate "2013.11.20"]
[SourceQuality "1"]

1. d4 Nc6 2. Nf3 d5 3. e3 Bf5 4. a3 e6 5. c4 Nf6 6. Nc3 Be7 7. Be2 0-0 8. 0-0 Na5 9. Ne5 c5 10. dxc5 Qc7 11. f4 Rad8 12. Qe1 Nd7 13. Nb5 Qxc5 14. Qxa5 Nxe5 15. fxe5 dxc4 16. Qa4 Qxe5 17. Bxc4 a6 18. Nd4 Rxd4 19. exd4 Qxd4+ 20. Kh1 Rd8 21. Bb3 Qe5 22. Qf4 Qe2 23. Qf2 Qh5 24. Bf4 Be4 25. Rfd1 Rc8 26. Rac1 Bc6 27. Re1 Bc5 28. Rxc5 Bxg2+ 29. Qxg2 Qxc5 30. Be5 Qf8 31. Bf4 Rc6 32. h3 Qe7 33. Bh6 g6 34. Bg5 f6 35. Bd2 Kg7 36. h4 e5 37. Bb4 Qc7 38. Bc3 Rxc3 39. bxc3 Qxc3 40. Qxb7+ Kh6 41. Rf1 Qh3+ 42. Kg1 Qg3+ 43. Qg2 Qxb3 44. Rxf6 Qxa3 45. Qg5+ Kg7 46. Qxe5 a5 47. Rf3+ 1-0

[Event "Omegna op 1st"]
[Site "Omegna"]
[Date "2013.07.05"]
[Round "2"]
[White "Giovarruscio, Gabriele"]
[Black "Cavagna, Marco"]
[Result "0-1"]
[WhiteElo "1715"]
[BlackElo "1461"]
[PlyCount "96"]
[EventDate "2013.07.04"]
[EventType "swiss"]
[EventRounds "6"]
[EventCountry "ITA"]
[SourceTitle "EXT 2014"]
[Source "ChessBase"]
[SourceDate "2013.11.20"]
[SourceVersion "1"]
[SourceVersionDate "2013.11.20"]
[SourceQuality "1"]

1. d4 d5 2. c4 c6 3. Nf3 Nf6 4. Nc3 Bf5 5. e3 e6 6. Be2 Bb4 7. Bd2 Nbd7 8. 0-0 0-0 9. Nh4 Re8 10. Nxf5 exf5 11. cxd5 cxd5 12. Qb3 Bxc3 13. Bxc3 Qb6 14. Rfc1 Qxb3 15. axb3 f4 16. Bb4 fxe3 17. f3 a6 18. Rc7 Rab8 19. Bd6 Re6 20. Bf4 h6 21. Rac1 g5 22. Bg3 Kg7 23. h3 Rb6 24. R7c3 Re8 25. Kf1 Nh5 26. Bh2 Ndf6 27. Be5 Kf8 28. Rxe3 Nd7 29. Kf2 f6 30. Bh2 Rxe3 31. Kxe3 Rxb3+ 32. Bd3 Nb6 33. Bd6+ Kg8 34. Kd2 Rxb2+ 35. Rc2 Rxc2+ 36. Kxc2 Ng7 37. Kb3 Ne6 38. Kb4 Nc8 39. Bb8 Nxd4 40. Kc5 Nc6 41. Bg3 d4 42. Be4 N8e7 43. Kb6 f5 44. Bc2 Nb4 45. Bb3+ Kh7 46. Kxb7 d3 47. Bd6 Ned5 48. Bxb4 Nxb4 0-1